000 01039nam a22001817a 4500
999 _c4657
_d4657
003 OSt
005 20250307083531.0
008 250307b ||||| |||| 00| 0 eng d
020 _a9781846040818
040 _cKH8
082 _aFIC OKR
100 _aOkri, Ben,
_eauthor.
245 _aStarbook :
_ba work of magic /
_cBen Okri.
260 _aLondon ;
_bRider Books ,
_c2008.
300 _a422 pages :
_c20 cm.
520 _aStarbook tells the tale of a prince and a maiden in a mythical land where a golden age is ending. A magnificent achievement and a modern-day parable, Starbook offers a vision of life far greater than ourselves. Starbook tells the tale of a prince and a maiden in a mythical land where a golden age is ending. Their fragile story considers the important questions we all face, exploring creativity, wisdom, suffering and transcendence in a time when imagination still ruled the world. A magnificent achievement and a modern-day parable, Starbook offers a vision of life far greater than ourselves.
942 _2ddc
_cFIC